Loading...
| History - European | 0 | 3 | 0 | 2 | 30 | 71 | 96.33 | 0 | 0 | 1.74 | 3.29 |
| Social Science | 0 | 2 | 0 | 0 | 20 | 50 | 63.00 | 0 | 0 | 9.52 | 12.50 |
| Science - Other | 0 | 2 | 0 | 1 | 20 | 37 | 76.00 | 1 | 1 | 7.83 | 11.61 |
| Science - Biology | 0 | 2 | 0 | 0 | 20 | 41 | 74.50 | 0 | 0 | 6.37 | 5.00 |
| History - Other | 0 | 1 | 0 | 1 | 10 | 107 | 107.00 | 0 | 1 | 0.00 | 1.25 |
| History - World | 0 | 1 | 0 | 0 | 10 | 25 | 25.00 | 0 | 0 | 7.55 | 4.29 |
| Literature - American | 0 | 1 | 0 | 1 | 10 | 111 | 111.00 | 0 | 0 | 0.00 | 2.86 |
| Current Events | 0 | 1 | 0 | 0 | 10 | 19 | 19.00 | 0 | 1 | 21.04 | 21.88 |
| Literature - European | 0 | 1 | 0 | 0 | 10 | 107 | 107.00 | 0 | 0 | 0.70 | 3.75 |
| Mythology | 0 | 1 | 0 | 0 | 10 | 50 | 50.00 | 0 | 1 | 5.45 | 5.00 |
| Literature - British | 0 | 1 | 0 | 0 | 10 | 122 | 122.00 | 0 | 0 | 0.00 | 0.83 |
| Fine Arts - Classical Music | 0 | 1 | 0 | 1 | 10 | 128 | 128.00 | 0 | 0 | 0.15 | 1.43 |
| Fine Arts - Painting and Sculpture | 0 | 1 | 0 | 1 | 10 | 98 | 98.00 | 0 | 1 | 0.00 | 1.25 |
| Geography | 0 | 1 | 0 | 0 | 10 | 79 | 79.00 | 0 | 1 | 4.36 | 17.14 |
| Science - Physics | 0 | 1 | 0 | 0 | 10 | 45 | 45.00 | 1 | 1 | 5.83 | 10.00 |
| Religion | 0 | 1 | 1 | 0 | 5 | 137 | 137.00 | 0 | 0 | 0.00 | 1.25 |
| Fine Arts - Other | 0 | 1 | 1 | 0 | 5 | 59 | 59.00 | 1 | 1 | 4.04 | 10.00 |
| Science - Chemistry | 0 | 1 | 1 | 1 | 5 | 92 | 92.00 | 0 | 0 | 0.42 | 1.43 |